000 nam a22 a 4500
999 _c56545
_d56545
003 BLK
005 20220523111808.0
008 180408b bul|||||r ||||||| ||bul||
010 _aKNG00060527000
040 _aBLK
041 _aBUL
_cBUL
080 _aАгротехника
_b631.5
_x(075.8)
_z631.5(075.8)
080 _aОбщо животновъдство. Развъждане на бозайници и птици. Скотовъдство. Домашни животни и тяхното развъж
_b636
_x(075.8)
_z636(075.8)
100 1 _aГеоргиев, Трифон Маринов
_eпърви автор
_9366718
139 _aГеоргиев, Трифон Маринов и др.
_bГ 37
245 1 0 _aОснови на растениевъдството и животновъдството
_bУчебник за студентите от ВИММЕСС - Русе
_cТрифон Георгиев, Светлана Къснеделчева, Мария Белопитова.
257 _aBGR
260 _aСофия
_bЗемиздат
_c1980
_f(Хасково : Ат. Стратиев)
300 _a248 с.
_c24 см
380 _a63
504 _aБиблиогр. с. 244-245
650 4 _aРастениевъдство - учебници за ВУЗ
_9248307
650 4 _aЖивотновъдство - учебници за ВУЗ
_9244985
653 _aрастениевъдство
653 _aживотновъдство
653 _aучебници за ВУЗ
700 1 _aКъснеделчева, Светлана Николаевна
_eсъавт.
_9286933
700 1 _aБелопитова, Мария Георгиева
_eсъавт.
_9286934
852 _aЦб 102986
_bЦб
942 _cKNG
_n0
_s1
944 _aCR
_c13.06.2004
_kЧиталня
944 _aED
_c2022-05-23
_kГГГ